Подробности
| 000 -МАРКЕР |
| контрольное поле |
01655nam0a2200313 4500 |
| 001 - ИДЕНТИФИКАТОР ЗАПИСИ |
| контрольное поле |
RU\NLR\BIBL_A\012455433 |
| 005 - ИДЕНТИФИКАТОР ВЕРСИИ |
| контрольное поле |
20260408075130.0 |
| 035 ## - ДРУГИЕ СИСТЕМНЫЕ НОМЕРА |
| Идентификатор записи |
(NLR Aleph) 012455433 |
| 100 ## - ДАННЫЕ ОБЩЕЙ ОБРАБОТКИ |
| Данные общей обработки |
20110630d1929 |||y0rusy50 ca |
| 101 0# - ЯЗЫК РЕСУРСА |
| Язык текста, звукозаписи и т.д. |
украинский |
| 102 ## - СТРАНА ПУБЛИКАЦИИ ИЛИ ПРОИЗВОДСТВА |
| Страна публикации |
российская федерация |
| 105 ## - ПОЛЕ КОДИРОВАННЫХ ДАННЫХ: ТЕКСТОВЫЕ МАТЕРИАЛЫ, МОНОГРАФИЧЕСКИЕ |
| Кодированные данные о монографическом текстовом документе |
a i ||||| |
| 200 1# - ЗАГЛАВИЕ И СВЕДЕНИЯ ОБ ОТВЕТСТВЕННОСТИ |
| Основное заглавие |
Контрольні цифри української промисловости на 1929-30 рік |
| Сведения, относящиеся к заглавию |
[до другої Сесії ВУЦВК XI скликання |
| Первые сведения об ответственности |
Президія ВРНГ УСРР] |
| 210 ## - ПУБЛИКАЦИЯ, РАСПРОСТРАНЕНИЕ И ДР. |
| Место издания, распространения и т.д. |
[Харків] |
| Имя издателя, распространителя и т. д. |
ВРНГ УСРР |
| Дата издания, распространения и т.д. |
1929 |
| Имя изготовителя |
Держтрест Харполіграф, 2 друкарня ім. В. Блакитного |
| 215 ## - ФИЗИЧЕСКАЯ ХАРАКТЕРИСТИКА |
| Специфическое обозначение материала и объем |
91, [7] с. |
| Другие сведения о физической характеристике |
табл. |
| Размеры |
25 |
| 300 ## - ОБЩИЕ ПРИМЕЧАНИЯ |
| Текст примечания |
В конце предисл. автор: К. Сухомлин |
| 541 1# - ПЕРЕВОД ЗАГЛАВИЯ, СДЕЛАННЫЙ КАТАЛОГИЗАТОРОМ |
| Заглавие |
Контрольные цифры украинськой промышленности на 1929-30 год |
| Сведения, относящиеся к заглавию |
ко второй Сессии ВУЦИК XI созыва |
| Язык заглавия |
русский |
| 606 1# - НАИМЕНОВАНИЕ ТЕМЫ КАК ПРЕДМЕТ |
| Наименование темы |
Промышленность |
| Формальный подзаголовок |
Документы и материалы |
| Географический подзаголовок |
Украина |
| Системный номер авторитетной/нормативной записи |
2161691 |
| Идентификатор авторитетной/нормативной записи |
RU\NLR\AUTH\661300902 |
| 686 3# - ИНДЕКСЫ ДРУГИХ КЛАССИФИКАЦИЙ |
| Индекс |
У30(2Ук) |
| 686 3# - ИНДЕКСЫ ДРУГИХ КЛАССИФИКАЦИЙ |
| Индекс |
У03(2Ук)714,011 |
| 702 #1 - ИМЯ ЛИЦА - ВТОРИЧНАЯ ОТВЕТСТВЕННОСТЬ |
| Начальный элемент ввода |
Сухомлин |
| Часть имени, кроме начального элемента ввода |
К. В. |
| Расширение инициалов личного имени |
Кирилл Васильевич |
| Код отношения |
Автор введения, предисловия, примечания и т.п. |
| 710 01 - НАИМЕНОВАНИЕ ОРГАНИЗАЦИИ - ПЕРВИЧНАЯ ОТВЕТСТВЕННОСТЬ |
| Графика поля |
Кириллица |
| Материалы, к которым относится поле |
ukr |
| Начальный элемент ввода |
УРСР |
| Структурное подразделение |
Вища рада народного господарства |
| -- |
Президiя |
| Системный номер авторитетной/нормативной записи |
735770 |
| Идентификатор авторитетной/нормативной записи |
RU\NLR\AUTH\880536408 |
| 711 01 - НАИМЕНОВАНИЕ ОРГАНИЗАЦИИ - АЛЬТЕРНАТИВНАЯ ОТВЕТСТВЕННОСТЬ |
| Материалы, к которым относится поле |
ukr |
| Начальный элемент ввода |
УСРР |
| Структурное подразделение |
З`ïзд рад |
| Порядковый номер временной организации и / или порядковый номер ее части |
11 |
| Дата проведения временной организации |
1929 |
| Идентификатор авторитетной/нормативной записи |
RU\NLR\AUTH\8810218658 |
| Системный номер авторитетной/нормативной записи |
322882 |
| 801 #0 - ИСТОЧНИК ЗАПИСИ |
| Страна |
российская федерация |
| Организация |
NLR |
| Правила каталогизации |
psbo |
| 852 ## - МЕСТОНАХОЖДЕНИЕ И ШИФР ХРАНЕНИЯ |
| Идентификатор организации |
NLR |
| Шифр хранения (Call Number) |
97/1107 |
| 942 ## - ДОПОЛНИТЕЛЬНЫЕ ЭЛЕМЕНТЫ ЗАПИСИ (АБИС) |
| Тип экземпляра АБИС |
Книга |
| 980 ## - КОЛЛЕКЦИЯ |
| Название коллекции |
Национальная библиография |